000
00263nam a22001217a 4500
020
_a
0-00-433072-2
082
_a
423 NEW'B
100
_a
BAY
_9
72755
245
_a
THE NEW NATIOANAL DICTIONARY
260
_a
LONDON
_b
COLLINS
_c
1977
300
_a
576P
942
_c
BK
999
_c
581486
_d
581486